Statistics for Rose Bowl Champions

Click here to take the quiz!

General Stats

  • This quiz has been taken 2,909 times
    (886 since last reset)
  • The average score is 86 of 100

Answer Stats

YearOpponentAnswer% Correct
1902StanfordMichigan
97%
1993WashingtonMichigan
97%
1951CaliforniaMichigan
97%
1965Oregon StateMichigan
97%
1948USCMichigan
97%
1981WashingtonMichigan
97%
1989USCMichigan
97%
1998Washington St.Michigan
97%
2012WisconsinOregon
96%
1917PennsylvaniaOregon
96%
1977MichiganUSC
96%
1943UCLAUSC
96%
1980Ohio StateUSC
96%
1979MichiganUSC
96%
1945TennesseeUSC
96%
1975Ohio StateUSC
96%
1973Ohio StateUSC
96%
1944WashingtonUSC
96%
1970MichiganUSC
96%
1968IndianaUSC
96%
1963WisconsinUSC
96%
1953WisconsinUSC
96%
1940TennesseeUSC
96%
1985Ohio StateUSC
96%
1990MichiganUSC
96%
1996NorthwesternUSC
96%
2007MichiganUSC
96%
1923Penn StateUSC
96%
2004MichiganUSC
96%
2009Penn StateUSC
96%
1930PittsburghUSC
96%
2008IllinoisUSC
96%
1932TulaneUSC
96%
1933PittsburghUSC
96%
1939DukeUSC
96%
1927Alabama/StanfordAlabama/Stanford (tie)
95%
1922Cal / Washington & JeffersonCalifornia/Washington & Jefferson (tie)
94%
2010OregonOhio State
94%
1974USCOhio State
94%
1955USCOhio State
94%
1969USCOhio State
94%
1997Arizona StateOhio State
94%
1958OregonOhio State
94%
1950CaliforniaOhio State
94%
1983MichiganUCLA
94%
1976Ohio StateUCLA
94%
1984IllinoisUCLA
94%
1986IowaUCLA
94%
1966Michigan St.UCLA
94%
1960WisconsinWashington
93%
1961MinnesotaWashington
93%
2001PurdueWashington
93%
1991IowaWashington
93%
1978MichiganWashington
93%
1982IowaWashington
93%
1992MichiganWashington
93%
1924Washington/NavyWashington/Navy (tie)
93%
1954UCLAMichigan State
89%
2014StanfordMichigan State
89%
1956UCLAMichigan State
89%
1988USCMichigan State
89%
1920OregonPennsylvania
89%
2000StanfordWisconsin
88%
1994UCLAWisconsin
88%
1999UCLAWisconsin
88%
1928PittsburghStanford
87%
1971Ohio StateStanford
87%
1941NebraskaStanford
87%
2013WisconsinStanford
87%
1936SMUStanford
87%
1972MichiganStanford
87%
1942DukeOregon State
84%
1916BrownWashington State
84%
1921Ohio StateCalifornia
83%
1938AlabamaCalifornia
83%
1959CaliforniaIowa
82%
1957Oregon StateIowa
82%
2006USCTexas
82%
2005MichiganTexas
82%
1995OregonPenn State
80%
1987MichiganArizona State
79%
1964WashingtonIllinois
77%
1947UCLAIllinois
77%
1952StanfordIllinois
77%
1962UCLAMinnesota
77%
1926WashingtonAlabama
76%
1931Washington St.Alabama
76%
1935StanfordAlabama
76%
1946USCAlabama
76%
1967USCPurdue
73%
2003Washington St.Oklahoma
70%
1949CaliforniaNorthwestern
67%
2002NebraskaMiami
59%
1925StanfordNotre Dame
56%
2011WisconsinTCU
52%
1937WashingtonPittsburgh
44%
1929CaliforniaGeorgia Tech
33%
1934StanfordColumbia
15%
1918Camp Lewis (Army)Mare Island
14%
1919Mare Island (USMC)Great Lakes (Navy)
11%

Score Distribution

Percentile by Number Answered

Percent of People with Each Score

Your Score History

You have not taken this quiz since the last reset